000 00778nam a2200241 i 4500
001 88351
003 ES-MaACL
005 20250804062539.0
007 t|
008 050104s1978 sp ||||1| spa d
100 1 _aLaing, Ronald David.
_969695
245 1 0 _aLaing y la antipsiquiatría /
_cR.D. Laing ; Mary Barnes ... [et al.] ; compilación de R. Boyers y R. Orrill ; [traductor, Leopoldo Lovelace].
260 _aMadrid :
_bAlianza,
_c[1978]
300 _a279 p. ;
_c18 cm.
490 1 _aEl libro de bolsillo
700 1 _aBarnes, Mary.
_925720
700 1 _aBoyers, R.
_931192
700 1 _aOrrill, R.
_987353
700 1 _aLovelace, Leopoldo.
_974355
830 0 3 _aEl libro de bolsillo
_9177802
852 _aES-MaACL
_jA-8631
_bR.97840
999 _c88351
_d88351